000
00291 a2200109 4500
090
_c
4845
_d
4845
100
_a
David N.Hyman
245
_a
Public Finance
_b
a contemporary Application of Therory to Policy
250
_a
8th ed
260
_a
Thomson
_b
Australia
_c
2007
942
_a
NBS
_c
BK
_k
336 HYM
999
_c
347276
_d
347276